Urban transportation and air pollution
Saved in:
| Main Authors: | , |
|---|---|
| Format: | Bog |
| Sprog: | engelsk |
| Udgivet: |
Amsterdam
Elsevier
2018
|
| Udgivelse: | 1a. ed |
| Fag: | |
| Tags: |
Tilføj Tag
Ingen Tags, Vær først til at tagge denne postø!
|
MARC
| LEADER | 00000cam a2200000 a 4500 | ||
|---|---|---|---|
| 001 | UCC8738 | ||
| 003 | CL-VaPUC | ||
| 005 | 20230623074129.0 | ||
| 008 | 190814e20180000ne |||||||||||||||||eng|d | ||
| 020 | |a 9780128115060 | ||
| 040 | |c Pontificia Universidad Católica de Valparaíso | ||
| 082 | 0 | 4 | |a 363.7392 |b VEN |2 21 |
| 100 | 0 | |a Venkatram, Akula |e author |9 603462 | |
| 245 | 1 | 0 | |a Urban transportation and air pollution |
| 250 | |a 1a. ed | ||
| 260 | |a Amsterdam |b Elsevier |c 2018 | ||
| 300 | |a 177 p | ||
| 583 | |a last modification |c 20190814 14:59:00 |k Rodrigo Vera | ||
| 650 | 0 | |a Contaminación del aire |9 255745 | |
| 650 | 0 | |a Transporte urbano |9 260307 | |
| 650 | 0 | |a Protección del medio ambiente |9 257626 | |
| 700 | 0 | |a Schulte, Nico |e author |9 603463 | |
| 942 | |c BK |2 ddc | ||
| 945 | |d 20190814 14:59:00 |a dcastane | ||
| 999 | |c 374990 |d 374988 | ||
| 952 | |0 0 |1 0 |3 erb |4 0 |6 363_739200000000000_VEN_2018 |7 0 |8 A |9 493782 |a BIBING |b BIBING |i 5557194 |o 363.7392 VEN 2018 |p 5557194 |r 2025-01-20 |w 2019-11-24 |y BK |z Catalogado en:20190814 |k TRA | ||